LEADER 01539nam a2200361 u 4500 001 000000043439 003 CaOOAMICUS 005 20070226114434.0 008 990330s1949 it u000 u ita u 035 $a10818608 040 $aPUL(R)$bita 100 1 $aGurvitch, Georges,$d1894-1965.$0(OLS)http://pul/name/14563 240 10$aDéclaration des droits sociaux.$lItaliano.$0(OLS)http://pul/title/58565 245 13$aLa dichiarazione dei diritti sociali /$cGeorges Gurvitch ; prefazione di Norberto Bobbio ; traduzione di Luciano Foà. 260 $aMilano :$bEd. di comunità,$c1949. 300 $a205 p. ;$c23 cm 500 $aContiene indici. 504 $aBibliografia in nota. 650 4$aSociologia.$0(OLS)http://pul/subject/2611 700 1 $aFoà, Luciano.$0(OLS)http://pul/name/31774 700 1 $aBobbio, Norberto,$d1909-2004.$0(OLS)http://pul/name/5645 850 $aPUL 852 $aPUL$W1$xDP1 Cons. Gen., Altre Classi 1$y22$m43 B 32$j58551$nBK-PRI$b $qStampati$B58551$CPULBib$Z2$F58551 $81 852 $aPUL$W1$xDP1 Fondo G. Barberini$y122$m4 D 34$j177697$nBK-PRI$b 2 copia$qFondi$B180803$CPULBib$Z2$F180803 $HBar1335 $81 941 1 $a1 941 1 $a8 960 $aSociology$92611 960 $aSociology$92611 960 $aScienze sociali$92611 960 $aScienze sociali$92611 961 $aINV: 24099 996 $6245$aLa dichiarazione dei diritti sociali$9(OLS)http://pul/title/58566 996 $6260$aMilano :$bEd. di comunità$9(OLS)http://pul/publisher/54818 LEADER 01845nam a2200325 u 4500 001 000000076924 003 CaOOAMICUS 005 20070226123250.0 008 040112s2002 it u000 u ita u 035 $a10980576 040 $aPUL$bita 100 1 $aPark, Liborio Hye Sik,$cO.SS.T.$0(OLS)http://pul/name/51204 245 13$aLa pastorale matrimoniale e familiare nella chiesa contemporanea con riferimento speciale all'evangelizzazione della famiglia cristiana in Corea /$cLiborio Hye Sik Park O.SS.T. 260 $aRomae :$b[s.n.],$c2002. 300 $avii, 154 p. ;$c24 cm 500 $aIn testa al front.: "Pontificia Universitas Lateranensis. Academia Alphonsiana. Institutum Superius Theologiae Moralis". 500 $a"Pars dissertationis ad Doctoratum in Theologia morali consequendum". 500 $aContiene indice della dissertazione. 504 $a"Bibliografia": p. [118]-145. 650 4$aFamiglia$xStoria$ysec. XX.$0(OLS)http://pul/subject/26793 651 4$aCorea$xStoria$ySec. XX.$0(OLS)http://pul/subject/18844 710 2 $aAccademia Alfonsiana. Istituto superiore di Teologia morale.$kTesi.$0(OLS)http://pul/name/81838 850 $aPUL 852 $aPUL$W1$xDP1 Tesi Acc. Alfonsiana$y28$mTH AC.ALF 505$j98798$nBK-PRI$b $qTesi$B98798$CPULBib$Z2$F98798 $HPUL94033 $81 910 $aPontificia Università Lateranense. $bAccademia Alfonsiana$981838 910 $aIstituto superiore di Teologia morale. Accademia Alfonsiana$981838 910 $aAcademia Alfonsiana. Institutum superius theologiae moralis$981838 941 1 $a16 996 $6245$aLa pastorale matrimoniale e familiare nella chiesa contemporanea con riferimento speciale all'evangelizzazione della famiglia cristiana in Corea$9(OLS)http://pul/title/100830 996 $6260$aRomae :$b[s.n.]$9(OLS)http://pul/publisher/48223